Trump-Given Nicknames - Statistics

General Stats
  • This quiz has been taken 176 times
  • The average score is 11 of 16
Answer Stats
Nickname Person % Correct
Sleepy Joe Joe Biden
100%
Comrade Kamala Kamala Harris
95%
Crooked Hillary Hillary Clinton
93%
Jeff Bozo Jeff Bezos
91%
Governor Trudeau Justin Trudeau
84%
Crazy Nancy Nancy Pelosi
78%
Governor Newscum Gavin Newsom
76%
Ron DeSanctimonious Ron DeSantis
74%
Little Marco Marco Rubio
68%
Lyin' Ted Ted Cruz
66%
Tampon Tim Tim Walz
64%
Little Rocket Man Kim Jong Un
59%
Pocahontas Elizabeth Warren
45%
Fake Tapper Jake Tapper
42%
Low IQ War Hawk Liz Cheney
21%
Horseface Stormy Daniels
9%
No matching quizzes found
Score Distribution
Percent of People with Each Score
Percentile by Number Answered
Your Score History
You have not taken this quiz